<?xml version="1.0" encoding="UTF-8"?>
<collection xmlns="http://www.loc.gov/MARC21/slim">
 <record>
  <leader>02185nam a2200229Ia 4500</leader>
  <controlfield tag="001">CTU_37671</controlfield>
  <controlfield tag="008">210402s9999    xx            000 0 und d</controlfield>
  <datafield tag="020" ind1=" " ind2=" ">
   <subfield code="c">899000</subfield>
  </datafield>
  <datafield tag="082" ind1=" " ind2=" ">
   <subfield code="a">307.760973</subfield>
  </datafield>
  <datafield tag="082" ind1=" " ind2=" ">
   <subfield code="b">W292</subfield>
  </datafield>
  <datafield tag="100" ind1=" " ind2=" ">
   <subfield code="a">Warren,Roxanne</subfield>
  </datafield>
  <datafield tag="245" ind1=" " ind2="4">
   <subfield code="a">The urban oasis :</subfield>
  </datafield>
  <datafield tag="245" ind1=" " ind2="0">
   <subfield code="b">guideways and greenways in the human environment</subfield>
  </datafield>
  <datafield tag="245" ind1=" " ind2="0">
   <subfield code="c">Roxanne Warren</subfield>
  </datafield>
  <datafield tag="260" ind1=" " ind2=" ">
   <subfield code="a">New York</subfield>
  </datafield>
  <datafield tag="260" ind1=" " ind2=" ">
   <subfield code="b">McGraw-Hill</subfield>
  </datafield>
  <datafield tag="260" ind1=" " ind2=" ">
   <subfield code="c">1997</subfield>
  </datafield>
  <datafield tag="520" ind1=" " ind2=" ">
   <subfield code="a">Decentralization and the flight to the suburbs have drained the economic and cultural life out of many urban communities, while driving our consumption of land and fuel to new heights. But the option of conventional planning for higher densities raises the specter of concrete landscapes filled with cars. The Urban Oasis would contrast with this image. In this thoughtful and insightful book, architect Roxanne Warren makes a compelling case for the benefits of relatively high-density, but abundantly landscaped, mixed-use, walkable new &quot;development clusters&quot; - as traffic-calmed or pedestrian zones. To allow sufficient land for a green living environment, car parking would be located peripherally, and automated people movers would provide around-the-clock, readily available links to regional transit networks. Whether built on rehabilitated urban land, or threaded through land on former commercial strips, such human-scale communities would combine the sociabilities of urban living with fresh air and greenery, and would aim to resolve many of the intertwined population/congestion/environmental pressures of our time. The book is packed with case studies of existing pedestrian zones in Europe and the U.S. It also contains clear and illuminating descriptions of automated people mover technologies, and in doing so, bridges the gap between humanist and technological concerns.</subfield>
  </datafield>
  <datafield tag="650" ind1=" " ind2=" ">
   <subfield code="a">Dity planning,Environmental policy,Greenways,Pedestrian areas,Urban ecology,Urban policy,Urban transportation</subfield>
  </datafield>
  <datafield tag="650" ind1=" " ind2=" ">
   <subfield code="x">United states,United states,United states,United states,United states,United states,United states</subfield>
  </datafield>
  <datafield tag="904" ind1=" " ind2=" ">
   <subfield code="i">Nguyễn Quang Điền,  Năm</subfield>
  </datafield>
  <datafield tag="980" ind1=" " ind2=" ">
   <subfield code="a">Trung tâm Học liệu Trường Đại học Cần Thơ</subfield>
  </datafield>
 </record>
</collection>
